Madura Jeff (Record no. 667)
[ view plain ]
| 000 -LEADER | |
|---|---|
| fixed length control field | 00456nam a2200157Ia 4500 |
| 008 - FIXED-LENGTH DATA ELEMENTS--GENERAL INFORMATION | |
| fixed length control field | 151015s9999 xx 000 0 und d |
| 020 ## - INTERNATIONAL STANDARD BOOK NUMBER | |
| International Standard Book Number | 9.7881315028e+012 |
| 050 ## - LIBRARY OF CONGRESS CALL NUMBER | |
| Classification number | HG 3881. M 2765 2007 |
| 245 ## - TITLE STATEMENT | |
| Title | Madura Jeff |
| 250 ## - EDITION STATEMENT | |
| Edition statement | _International corporate finance(8th ed) Jeff Madura |
| 260 ## - PUBLICATION, DISTRIBUTION, ETC. (IMPRINT) | |
| Place of publication, distribution, etc. | 8th ed. |
| 300 ## - PHYSICAL DESCRIPTION | |
| Extent | US Thomson Southwestern 2007 |
| 500 ## - GENERAL NOTE | |
| General note | includes index |
| 650 ## - SUBJECT ADDED ENTRY--TOPICAL TERM | |
| Topical term or geographic name as entry element | _Corporate finance |
| 700 ## - ADDED ENTRY--PERSONAL NAME | |
| Personal name | ^d20110202 09:19:22^oanne |
No items available.